000 00244nam a2200097Ia 4500
008 230508s2013 xx 000 0 und d
041 _aeng
100 _aSALUNKHE N.S.
245 _aMEASUREMENT AND CONTROLL
260 _bTECH-MAX PUBLICATION
_c2013
999 _c738584
_d738584